| 000 | 00468nam a22001697a 4500 | ||
|---|---|---|---|
| 003 | OSt | ||
| 005 | 20260310151425.0 | ||
| 008 | 250615b |||||||| |||| 00| 0 eng d | ||
| 020 | _a9780582369436 | ||
| 040 | _cOutspan Global University | ||
| 050 |
_aHM51 _b.M37 2000 |
||
| 100 |
_aMarsh, Ian _eAuthor |
||
| 245 |
_aSociology Making Sense Of Society _cby Ian Marsh. |
||
| 260 |
_aUnited Kingdom: _bPearson Education LTD, _cc2000. |
||
| 650 | _aSociology | ||
| 942 |
_2lcc _cBK |
||
| 999 |
_c729 _d729 |
||